Situación jurídica de la mujer casada: la reforma de la ley 18.802 al Código Civil
Spremljeno u:
| Glavni autor: | |
|---|---|
| Format: | Knjiga |
| Jezik: | španjolski |
| Izdano: |
Valparaíso
EDEVAL
1989
|
| Serija: | Legislación. Comentada, 9
|
| Teme: | |
| Oznake: |
Dodaj oznaku
Bez oznaka, Budi prvi tko označuje ovaj zapis!
|
MARC
| LEADER | 00000nam a2200000 a 4500 | ||
|---|---|---|---|
| 001 | UCV1105 | ||
| 003 | CL-VaPUC | ||
| 008 | 891016e19890000CL |||||||||||||||||spa|d | ||
| 082 | 0 | 4 | |a 346.013 |b TOM |2 21 |
| 100 | 0 | |a Tomasello Hart, Leslie |e author |9 295351 | |
| 245 | 1 | 0 | |a Situación jurídica de la mujer casada: la reforma de la ley 18.802 al Código Civil |
| 300 | |a 138 p | ||
| 942 | |c BK | ||
| 945 | |d 19891016 00:00:00 | ||
| 260 | |a Valparaíso |b EDEVAL |c 1989 | ||
| 650 | 0 | |a Mujer casada |9 255924 | |
| 650 | 7 | |a SITUACION LEGAL |2 CL-VaPUC |9 255565 | |
| 651 | 7 | |a CHILE |2 CL-VaPUC |9 295352 | |
| 583 | |a last modification |c 19891016 00:00:00 |k Rodrigo Vera | ||
| 490 | 0 | |a Legislación. Comentada, 9 | |
| 999 | |c 209166 |d 209164 | ||
| 952 | |0 0 |1 0 |4 0 |6 346_013000000000000_TOM_1989 |7 0 |8 A |9 184393 |a BIBDER |b BIBDER |d 2019-11-14 |i 251656K |l 1 |o 346.013 TOM 1989 |p 251656K |r 2023-05-25 |s 2023-05-19 |w 2019-11-14 |y BK |k DER | ||